02225njm a2200265Ia 450000100060000000300090000600500170001500800410003204000130007304000130008604100130009910000110011210000180012310000380014124500160017925000110019526000110020626000570021730000100027430000300028450000700031450514710038465000570185570000470191240752IT-RoPAU20220918181120.0131025s9999 xx 000 0 und d aIT-RoPAU cIT-RoPAU aITALIANO aAA.VV. eAutore musica gCodice autore musica SPICS: 12000 aSanremo '87 a1a ed. aMILANO bRICORDIc1987 [1a Ed.:1987 - Ed. Lingua Orig.: 1987] aDISCO c134 minuti (Testo: pag.) aCanzone italiana. Festival di Sanremo 1987. Brani di autori vari. aDal cuore in poi [(Mango) (4:00)] - Pigramente signora [(Pravo Patty) (5:00)] - Tanti auguri [(Bella Marcella) (4:00)] - Straniero [(Miki) (4:00)] - Bolero [(Nada) (4:00)] - Dimmi che cos'è [(Le Orme) (4:00)] - Canzone d'amore [(I Ricchi e Poveri) (4:00)] - Nel mio profondo fondo [(Bono Alessandro) (4:00)] - Cantare [(Mediterranea) (5:00)] - L'odore del mare [(De Crescenzo Eduardo) (5:00)] - In volo nel futuro [(Palazzolo Ricky) (4:00)] - Il sognatore [(Di Capri Peppino) (5:00)] - Stringimi le mani [(Deanesi Charley) (4:00)] - Vita mia [(Biolcati Lena) (5:00)] - Conta chi canta [(Marzotto Umberto) (4:00)] - Non cadere mai in ginocchio [(Berger) (4:00)] - Briciole di pane [(Future) (4:00)] - Come dentro un film [(Barbarossa Luca) (4:00)] - E non si finisce mai [(Ghezzi Dori) (5:00)] - L'esteta [(Scheriani Paolo) (4:00)] - Quello che le donne non dicono [(Mannoia Fiorella) (4:00)] - Ma che bella storia [(Teo) (4:00)] - Canto per te [(Fortunato Flavia) (5:00)] - La notte dei pensieri [(Zarrillo Michele) (5:00)] - Il Garibaldi innamorato [(Caputo Sergio) (4:00)] - Campi d'atterraggio [(Chiari e Forti) (5:00)] - Sinuè [(Esposito Tony) (4:00)] - Warriors [(Of the Westland) (Frankie Goes To Hollywood) (4:00)] - Sometimes [(Erasure) (4:00)] - Will You Remember [(Eightwonder) (4:00)] - Walk Like An Egyptian [(Bangles) (4:00)] - Ask [(The Smiths) (3:00)] - In Your Arms [(I Just Died) (Cutting Crew) (5:00)] - How Many Lies? [(Spandau Ballet) (6:00)] aCANZONE ITALIAN [DISCHI]eCodice MATERIA SPICS: 9950 aAA.VV.gCodice autore SPICS: 12000eAutore